Tratado de geometría elemental / (Record no. 49187)

MARC details
000 -LEADER
campo de control de longitud fija 00704nam a2200205 i 4500
001 - NÚMERO DE CONTROL
campo de control 49187
003 - IDENTIFICADOR DE NÚMERO DE CONTROL
campo de control ES-MaACL
005 - FECHA Y HORA DE LA ÚLTIMA TRANSACCIÓN
campo de control 20250724074827.0
007 - CAMPO FIJO DE DESCRIPCIÓN FÍSICA--INFORMACIÓN GENERAL
campo de control de longitud fija t|
008 - DATOS DE LONGITUD FIJA--INFORMACIÓN GENERAL
campo de control de longitud fija 030710s1877 sp ||||1| spa d
080 ## - NÚMERO DE LA CLASIFICACIÓN DECIMAL UNIVERSAL
Número de la Clasificación Decimal Universal 514.1(07)
100 1# - ENTRADA PRINCIPAL--NOMBRE DE PERSONA
Nombre de persona Cortázar, Juan,
Fechas asociadas al nombre 1809-1873
9 (RLIN) 40822
245 10 - MENCIÓN DEL TÍTULO
Título Tratado de geometría elemental /
Mención de responsabilidad, etc. Juan Cortázar.
250 ## - MENCION DE EDICION
Mención de edición 21ª ed, publicada por sus herederos.
260 ## - PUBLICACIÓN, DISTRIBUCIÓN, ETC.
Lugar de publicación, distribución, etc. Madrid :
Nombre del editor, distribuidor, etc. [s.n.],
Fecha de publicación, distribución, etc. 1877 (
Fabricante Imprenta y fundición de Manuel Tello)
300 ## - DESCRIPCIÓN FÍSICA
Extensión 207 p. ;
Dimensiones 22 cm.
650 07 - PUNTO DE ACCESO ADICIONAL DE MATERIA--TÉRMINO DE MATERIA
Término de materia o nombre geográfico como elemento de entrada Geometría
Fuente del encabezamiento o término embne
9 (RLIN) 13096
852 ## - LOCALIZACIÓN
Ubicación ES-MaACL
Número de control de estantería E-13131
Nota libre .- Anotaciones manuscritas de su primer propietario, Cecilio de Roda y López
Holdings
Estatus retirado Estado de pérdida Estado de daño No para préstamo Colección Biblioteca de origen Biblioteca actual Ubicación en estantería Fecha de adquisición Fuente de adquisición Total de préstamos Signatura topográfica completa Código de barras Visto por última vez Precio de reemplazo Tipo de ítem Koha
        Libros del s. XIX Biblioteca del Ateneo de Madrid Biblioteca del Ateneo de Madrid Depósito 2 17/01/2008     E-13131 1051760 23/02/2023 23/02/2023 Libro impreso antiguo